000 01083nam a2200301 i 4500
003 EG-GICUC
005 20260409230043.0
008 260409b1892 fr |||fr|||| 00| 0 fre d
040 _aEG-GiCUC
_bfre
_cEG-GiCUC
_dEG-GiCUC
_eRda
082 0 4 _221
_a343.101
_bLU . D
092 0 4 _221
099 _aLaw1 10 343.101 LU . D 1892
100 1 _aLucchini, M. Luigi
_eAuteur
245 1 3 _aLe Droit Pénal :
_bEt Les Nouvelles Theories /
_c M. Luigi Lucchini, M. Henri Prudhomme, Précédé Par M. Jules Lacointa.
264 1 _aParis :
_bF. Pichon, Successeur, Imprimeur-éditeur,
_c1892.
300 _a602 page ;
_c 24 cm.
336 _2rda contenu
_a texte
337 _2rda medias
_aOrdinateur
338 _2 transporteur rda
_a Ressource en ligne
650 1 _aDroit Pénal Général
_xPhiloso Phie et Theories
_2qrmak
650 1 _aDroit De Pénal
_2qrmak
651 1 _2qrmak
700 1 _aPrudhomme, M. Henri
_eAnnotateur
700 1 _aLacointa, M. Jules
_ePrésident
856 4 0 _uhttps://fll.law.cu.edu.eg/fulltext/bks/B10-09034.pdf
905 _a54
942 _2ddc
_cBK
_e21
_n0
999 _c69919
_d69919